[Event "Maging Sino Ka Man Simul"]
[Site "Meralco, Pasig City PHL"]
[Date "2012.02.04"]
[EventDate "?"]
[Round "?"]
[Result "1-0"]
[White "Wesley So"]
[Black "Rhal Sol Cruz"]
[WhiteElo "2653"]
[BlackElo "1611"]
[PlyCount "161"]

1. e4 e5 2. Nf3 Nc6 3. Bc4 Be7 4. O-O Nf6 5. d4 d6 6. Re1 O-O
7. c3 Bg4 8. d5 Nb8 9. Nbd2 c6 10. dxc6 bxc6 11. Bb3 Nbd7
12. Nf1 Re8 13. h3 Be6 14. Bxe6 fxe6 15. Ng3 Nf8 16. Be3 Ng6
17. Qa4 Qc7 18. Rad1 d5 19. Qa6 Bd6 20. Bg5 Nd7 21. Qe2 h6
22. Bc1 Rf8 23. Nh2 Nf4 24. Qc2 Rae8 25. Ng4 Kh8 26. Nf1 Nf6
27. Nxf6 Rxf6 28. c4 d4 29. c5 Be7 30. Bxf4 Rxf4 31. b4 Bg5
32. Nd2 Qb8 33. a3 Be7 34. Nc4 Qc7 35. Qa4 Rc8 36. Rd3 Rff8
37. Qa6 Rfd8 38. Rf3 Rf8 39. Rxf8+ Bxf8 40. Rd1 Be7 41. Nxe5
Bf6 42. Nc4 e5 43. Rd3 Rd8 44. Na5 Rc8 45. Rf3 Qd7 46. Nc4 Rd8
47. Nd6 Kh7 48. Kf1 Rh8 49. Qc4 Rf8 50. Ke2 Kh8 51. g4 g5
52. Rf5 Kg7 53. Rf3 Kg6 54. Qa6 Rb8 55. Rf5 Rd8 56. Qb7 Qxb7
57. Nxb7 Rd7 58. Na5 Rc7 59. a4 a6 60. Kd3 Kf7 61. Kc4 Ke6
62. Rf3 Be7 63. Nb3 Bf6 64. b5 cxb5+ 65. axb5 axb5+ 66. Kxb5
Be7 67. Kc4 Rc6 68. Rd3 Bf8 69. Kb5 Rc8 70. Rd1 Rb8+ 71. Kc4
Rc8 72. Ra1 Kd7 73. Kd5 Bg7 74. Ra7+ Rc7 75. c6+ Kd8 76. Ra8+
Rc8 77. c7+ Kd7 78. Rxc8 Kxc8 79. Kc6 d3 80. Nc5 d2 81. Nd7
1-0

[Event "Leon Masters"]
[Site "Leon ESP"]
[Date "2018.07.08"]
[EventDate "2018.07.06"]
[Round "2.1"]
[Result "1-0"]
[White "Francisco Vallejo Pons"]
[Black "Wesley So"]
[WhiteElo "2707"]
[BlackElo "2780"]
[PlyCount "71"]

1. d4 Nf6 2. c4 e6 3. Nc3 Bb4 4. Qc2 O-O 5. e4 d5 6. e5 Ne4
7. Bd3 c5 8. Nf3 cxd4 9. Nxd4 Nd7 10. Bf4 Qh4 11. g3 Qh5
12. h4 Nxe5 13. Be2 Ng4 14. Bxg4 Qxg4 15. f3 Qh5 16. g4 Qg6
17. fxe4 Qf6 18. Ne2 e5 19. Bg5 Qf3 20. O-O-O d4 21. Rdf1 Qg2
22. Nd5 d3 23. Qxd3 Bxg4 24. Ng3 Bc5 25. Be7 Rfc8 26. Bxc5
Rxc5 27. Kb1 b5 28. Qe3 Rxc4 29. Rf2 Rxe4 30. Qxe4 Qxf2
31. Qxg4 Rd8 32. Nh5 g6 33. Nhf6+ Kg7 34. h5 Qf5+ 35. Qxf5
gxf5 36. Rg1+ 1-0